000 01120nam a2200289 i 4500
003 CSPC
005 20251212135256.0
008 251212s2024 xxua b 001 0 eng d
020 _a9798891611719
040 _aCSPC
_beng
_cCSPC
_erda
082 0 4 _a170
_bH314v
100 1 _aHawkins, Sterling,
_eauthor.
245 0 0 _aValues education /
_cSterling Hawkins.
264 1 _aJersey City, USA :
_bAlexis Press,
_c2024.
300 _a249 pages :
_billustrations ;
_c23 cm.
336 _2rdacontent
_atext
337 _2rdamedia
_aunmediated
338 _2rdacarrier
_avolume
504 _aIncludes bibliographical references and index.
505 0 _aValues education: an overview -- Moral development -- Fostering value education -- Human rights education -- Peace education.
650 1 0 _aEducation
_xPhilosophy & theory.
650 1 0 _aMoral education/ Ethics in education
650 1 0 _aCharacter education.
650 1 0 _aValues and ethics.
942 _2ddc
_n0
_cBK
_h170
_iH314v
_kCIR
_m2024
999 _c31226
_d31226